100 Μεγαλύτεροι Έλληνες - Statistics

General Stats
  • This quiz has been taken 114 times
  • The average score is 44 of 99
Answer Stats
Θέση Βοήθεια Χρόνια Ζωής Έλληνας % Correct
1 Στρατηγός 356 π.Χ. - 323 π.Χ. Μέγας Αλέξανδρος
89%
16 Ποιητής 1911 - 1996 Οδυσσέας Ελύτης
87%
5 Φιλόσοφος 470 π.Χ. - 399 π.Χ. Σωκράτης
86%
7 Πρωθυπουργός 1864 - 1936 Ελευθέριος Βενιζέλος
85%
9 Φιλόσοφος 428/423 π.Χ. - 348 π.Χ. Πλάτων
85%
6 Φιλόσοφος 384 π.Χ. - 322 π.Χ. Αριστοτέλης
83%
14 Πρωθυπουργός 1919 - 1996 Ανδρέας Παπανδρέου
83%
59 Πρωθυπουργός 1888 - 1968 Γεώργιος Παπανδρέου
82%
3 Στρατηγός 1770 - 1843 Θεόδωρος Κολοκοτρώνης
80%
8 Κυβερνήτης 1776 - 1831 Ιωάννης Καποδίστριας
80%
11 Συνθέτης 1925 - 2021 Μίκης Θεοδωράκης
80%
71 Αυτοκράτορας 272 - 337 Μέγας Κωνσταντίνος
80%
29 Ποιητής 1900 - 1971 Γιώργος Σεφέρης
76%
4 Πρωθυπουργός 1907 - 1998 Κωνσταντίνος Καραμανλής
72%
17 Ποιητής 8ος Αιώνας π.Χ. Όμηρος
72%
2 Γιατρός 1883 - 1962 Γεώργιος Παπανικολάου
69%
21 Μαθηματικός 570 π.Χ. - 495 π.Χ. Πυθαγόρας
69%
10 Στρατηγός 495 π.Χ. - 429 π.Χ. Περικλής
68%
22 Ποιητής 1863 - 1933 Κωνσταντίνος Καβάφης
68%
25 Επιχειρηματίας 1906 - 1975 Αριστοτέλης Ωνάσης
66%
62 Δικτάτορας 1919 - 1999 Γεώργιος Παπαδόπουλος
66%
20 Γιατρός 460 π.Χ. - 370 π.Χ. Ιπποκράτης
65%
65 Βασιλιάς 1815 - 1867 Όθων Α΄ της Ελλάδας
63%
56 Συγγραφέας Θεάτρου 497/496 π.Χ. - 406/405 π.Χ. Σοφοκλής
62%
19 Στρατηγός 540 π.Χ. - 480 π.Χ. Λεωνίδας
61%
34 Αγωνιστής Αντίστασης 1782 - 1827 Γεώργιος Καραϊσκάκης
61%
82 Αυτοκράτορας 482 - 565 Ιουστινιανός Α´
61%
92 Αρσιβαρίστας 1971 - Παρόν Πύρρος Δήμας
61%
26 Πρωθυπουργός 1832 - 1896 Χαρίλαος Τρικούπης
59%
32 Πρωθυπουργός 1871 - 1941 Ιωάννης Μεταξάς
59%
33 Καλαθοσφαιριστής 1957 - Παρόν Νίκος Γκάλης
58%
78 Τραγουδιστής 1931 - 2001 Στέλιος Καζαντζίδης
58%
52 Συγγραφέας Θεάτρου 446 π.Χ. - 386 π.Χ. Αριστοφάνης
56%
69 Συγγραφέας Θεάτρου 525/524 π.Χ. - 456 π.Χ. Αισχύλος
56%
27 Ζωγράφος 1541 - 1614 Δομήνικος Θεοτοκόπουλος
55%
67 Πολιτικός 630 π.Χ. - 560 π.Χ. Σόλων
55%
80 Συγγραφέας Θεάτρου 480 π.Χ. - 406 π.Χ. Ευριπίδης
55%
44 Μαθηματικός 4ος - 3ος Αιώνας π.Χ. Ευκλείδης
54%
88 Ηθοποιός 1934 - 1996 Αλίκη Βουγιουκλάκη
54%
23 Τραγουδιστής Όπερας 1923 - 1977 Μαρία Κάλλας
52%
41 Στρατηγός 524 π.Χ. - 459 π.Χ. Θεμιστοκλής
52%
28 Αυτοκράτορας 1404 - 1453 Κωνσταντίνος ΙΑ΄ Παλαιολόγος
51%
37 Ποιητής 1798 - 1857 Διονύσιος Σολωμός
51%
98 Ναύαρχος 1771 - 1825 Λασκαρίνα Μπουμπουλίνα
49%
84 Ιστοριογράφος 484 π.Χ. - 425 π.Χ. Ηρόδοτος
48%
24 Μαθηματικός 287 π.Χ. - 212 π.Χ. Αρχιμήδης
46%
46 Αρχιεπίσκοπος 1939 - 2008 Αρχιεπίσκοπος Χριστόδουλος
46%
47 Στρατηγός 1788 - 1821 Αθανάσιος Διάκος
46%
15 Μυθιστοριογράφος 1883 - 1957 Νίκος Καζαντζάκης
45%
51 Γλύπτης 480 π.Χ. - 430 π.Χ. Φειδίας
45%
31 Αγωνιστής Αντίστασης 1905 - 1945 Άρης Βελουχιώτης
42%
43 Ιστοριογράφος 460 π.Χ. - 400 π.Χ. Θουκυδίδης
42%
53 Ποιητής 1859 - 1943 Κωστής Παλαμάς
42%
73 Πρωθυπουργός 1936 - 2025 Κώστας Σημίτης
39%
85 Ηθοποιός 1927 - 2011 Θανάσης Βέγγος
39%
40 Ποιητής 1909 - 1990 Γιάννης Ρίτσος
38%
13 Ηθοποιός 1920 - 1994 Μελίνα Μερκούρη
37%
96 Βασιλιάς 382 π.Χ. - 336 π.Χ. Φίλιππος Β΄
37%
18 Συνθέτης 1925 - 1994 Μάνος Χατζιδάκις
35%
97 Ηθοποιός 1921 - 1998 Δημήτρης Χορν
35%
99 Φιλόσοφος 626/623 π.Χ. - 548/545 π.Χ. Θαλής
35%
64 Μυθιστοριογράφος 1851 - 1911 Αλέξανδρος Παπαδιαμάντης
34%
91 Τραγουδοποιός 1915 - 1984 Βασίλης Τσιτσάνης
34%
12 Μαθηματικός 1873 - 1950 Κωνσταντίνος Καραθεοδωρή
32%
81 Σκηνοθέτης Θεάτρου 1908 - 1987 Κάρολος Κουν
32%
86 Καθηγήτρια 1926 - Παρόν Ελένη Γλύκατζη-Αρβελέρ
28%
89 Τραγουδιστής 1905 - 1972 Μάρκος Βαμβακάρης
28%
45 Στρατηγός 1870 - 1904 Παύλος Μελάς
27%
48 Ποδοσφαιριστής 1971 - Παρόν Θοδωρής Ζαγοράκης
27%
55 Αρχαιολόγος 1919 - 1992 Μανόλης Ανδρόνικος
27%
30 Συγγραφέας 1757 - 1798 Ρήγας Φεραίος
25%
94 Αγωνιστής Αντίστασης 1922 - 2020 Μανώλης Γλέζος
25%
74 Πρωθυπουργός 1883 - 1953 Νικόλαος Πλαστήρας
24%
38 Στρατηγός 1797 - 1864 Ιωάννης Μακρυγιάννης
23%
57 Αγωνιστής Αντίστασης 1915 - 1952 Νίκος Μπελογιάννης
23%
100 Γλύπτης 4ος Αιώνας π.Χ. Πραξιτέλης
23%
35 Φιλόσοφος 460 π.Χ. - 370 π.Χ. Δημόκριτος
21%
54 Άγιος 1714 - 1779 Κοσμάς ο Αιτωλός
20%
87 Ηθοποιός 1900 - 1973 Κατίνα Παξινού
20%
93 Συνθέτης 1937 - 1982 Μάνος Λοΐζος
20%
58 Φιλόσοφος 1922 - 1997 Κορνήλιος Καστοριάδης
18%
72 Διπλωμάτης 1878 - 1920 Ίων Δραγούμης
18%
77 Τραγουδιστής 1936 - 1980 Νίκος Ξυλούρης
18%
90 Πολιτικός 1912 - 1963 Γρηγόρης Λαμπράκης
18%
42 Φιλόσοφος 6ος - 5ος Αιώνας π.Χ. Ηράκλειτος
17%
68 Νομοθέτης 570 π.Χ. - 508 π.Χ. Κλεισθένης
17%
76 Σκηνοθέτης 1935 - 2012 Θόδωρος Αγγελόπουλος
17%
66 Συνθέτης 1943 - 2022 Βαγγέλης Παπαθανασίου
15%
70 Αυτοκράτορας 958 - 1025 Βασίλειος Β´
15%
39 Πολιτικός Συγγραφέας 1748 - 1833 Αδαμάντιος Κοραής
14%
49 Φυσικός 1948 - Παρόν Δημήτρης Νανόπουλος
13%
83 Συγγραφέας Θεάτρου 1956 - Παρόν Λάκης Λαζόπουλος
13%
61 Πολιτικός 1939 - 1976 Αλέξανδρος Παναγούλης
11%
63 Φιλόσοφος 341 π.Χ. - 270 π.Χ. Επίκουρος
10%
75 Συνθέτης 1896 - 1960 Δημήτρης Μητρόπουλος
10%
36 Φιλόσοφος 1355/1360 - 1452/1454 Γεώργιος Γεμιστός-Πλήθων
8%
79 Πολιτικός 1914 - 2005 Χαρίλαος Φλωράκης
8%
60 Φιλόσοφος 1913 - 1993 Νικόλαος Μαργιωρής
7%
95 Πιανίστας 1953 - Παρόν Έλενα Μουζάλα
6%
No matching quizzes found
Score Distribution
Percent of People with Each Score
Percentile by Number Answered
Your Score History
You have not taken this quiz